| 000 | 00530nam a22001937a 4500 | ||
|---|---|---|---|
| 003 | OSt | ||
| 005 | 20140310182842.0 | ||
| 008 | 130608t xxu||||| |||| 00| 0 eng d | ||
| 050 |
_aTX 907 _b.B863 1973 |
||
| 082 |
_aM 647.957471 _bB78 1973 |
||
| 245 |
_aBroadman's social guide to New York bars _cBroadman, Evan |
||
| 260 |
_aNew York : _bMacmillan Publishing Co., Inc., _cc1973. |
||
| 300 |
_a133 p. _c18 cm. |
||
| 521 | _aCollege Students | ||
| 526 | _c1210L-1700L | ||
| 541 | _j1 | ||
| 562 | _e1 | ||
| 942 |
_2lcc _cBK _kM |
||
| 999 |
_c16873 _d16873 |
||